| 000 | 01050nam a2200229 a 4500 | ||
|---|---|---|---|
| 001 | 000041086 | ||
| 005 | 20201002034616.0 | ||
| 008 | 130917s1987 000 spa d | ||
| 020 | _a8400065778 | ||
| 100 | 1 |
_aBernabeu Albert, Salvador. _967598 |
|
| 245 | 1 | 0 |
_a1892 : el IV Centenario del descubrimiento de América en España, coyuntura y conmemoraciones / _cSalvador Bernabeu Albert. |
| 246 | 1 | 3 |
_aMil ochocientos noventa y dos : _bel IV Centenario del descubrimiento de América en España, coyuntura y conmemoraciones |
| 260 |
_aMadrid : _bConsejo Superior de Investigaciones Científicas, _c1987. |
||
| 300 |
_a206 p. : _bil. ; _c25 cm. |
||
| 490 | 1 |
_aTierra nueva e cielo nuevo _v20 |
|
| 504 | _aIncluye referencias bibliográficas y notas al pie de las páginas | ||
| 504 | _aBibliografía : p. | ||
| 710 | 2 |
_aConsejo Superior de Investigaciones Científicas _94786 |
|
| 710 | 2 |
_aCentro de Estudios Históricos. Departamento de Historia de América, 1987. _967599 |
|
| 830 | 0 |
_aTierra nueva e cielo nuevo _n20 _967600 |
|
| 999 |
_c40576 _d40576 |
||
| 040 | _aDO-SdBNP | ||